[Event "Championship Moscow 2019"]
[Site "Moscow]
[Date "2019.04.03"]
[Round "5.8"]
[White "Yeritsyan, Aram"]
[Black "Geivondian, Arman"]
[Result "1/2-1/2"]
[WhiteElo "2301"]
[BlackElo "2388"]
[PlyCount "127"]
[EventDate "2019.??.??"]
[WhiteClock "0:02:31"]
[BlackClock "0:02:04"]

1. e4 e6 2. d4 d5 3. Nd2 a6 4. Ngf3 Nf6 5. Bd3 c5 6. exd5 Qxd5 7. O-O cxd4 8.
Nb3 Nc6 9. Re1 Bd7 10. Bg5 Be7 11. Qe2 h6 12. Bd2 O-O 13. Rad1 Bd6 14. c3 Qh5
15. cxd4 Nb4 16. Bxb4 Bxb4 17. Rf1 Bc6 18. Ne5 Qxe2 19. Bxe2 Bd5 20. Bf3 Bxf3
21. Nxf3 Rfc8 22. Rc1 Nd5 23. a3 Be7 24. g3 b6 25. Rxc8+ Rxc8 26. Rc1 Rxc1+ 27.
Nxc1 f6 28. h4 h5 29. Nd3 Kf7 30. Nd2 Ke8 31. Kf1 Kd7 32. Ke2 Kc6 33. a4 Bd6
34. Ne4 Be7 35. Kd2 Kd7 36. Ke2 Kc7 37. Nd2 Kd7 38. Ne4 Bd8 39. Kf3 Bc7 40. Nd2
Ke7 41. Nf1 Bd6 42. Ne3 Nxe3 43. fxe3 g5 44. hxg5 fxg5 45. e4 Kf7 46. g4 h4 47.
b4 Ke8 48. b5 a5 49. e5 Ba3 50. Ke4 h3 51. Kf3 Bb4 52. Kg3 Bc3 53. Kxh3 Bxd4
54. Kg3 Kf7 55. Kf3 Kg6 56. Ke4 Bg1 57. Nb2 Bf2 58. Nc4 Bc5 59. Nd6 Bg1 60. Nb7
Kf7 61. Kf3 Bd4 62. Nd8+ {Bg1 Nb7 Bh2 Nd8+} Ke7 63. Nc6+ Kf7 64. Kg2 {Bf4}
1/2-1/2

[Event "Championship Moscow 2019"]
[Site "Moscow]
[Date "2019.04.03"]
[Round "5.13"]
[White "Rozanov, Pavel B"]
[Black "Tunik, Sergey"]
[Result "1-0"]
[WhiteElo "2235"]
[BlackElo "2167"]
[PlyCount "88"]
[EventDate "2019.03.30"]

1. d4 e6 2. c4 Nf6 3. Nc3 Bb4 4. Bg5 h6 5. Bh4 c5 6. d5 Bxc3+ 7. bxc3 d6 8. e3
e5 9. Bd3 e4 10. Bc2 Qe7 11. h3 Nbd7 12. Ne2 g5 13. Bg3 Ne5 14. Qb1 b6 15. Ba4+
Kd8 16. Bxe5 Qxe5 17. Bc6 Rb8 18. a4 a5 19. Kd2 Ba6 20. Qa2 Kc7 21. Rab1 Ng8
22. Bb5 Bxb5 23. Rxb5 Nf6 24. Rb2 Nd7 25. Qb3 b5 26. cxb5 Nb6 27. Kc2 h5 28. c4
h4 29. Ra2 f5 30. Qc3 Qxc3+ 31. Kxc3 Nd7 32. Raa1 Rbe8 33. Raf1 Ne5 34. Nc1 Kb6
35. Nb3 Rhg8 36. f3 exf3 37. gxf3 Nd7 38. Re1 Ne5 39. Nd2 Re7 40. Ref1 Kc7 41.
e4 Rf7 42. Rhg1 fxe4 43. f4 Nd7 44. Nxe4 Nb6 1-0

[Event "Championship Moscow 2019"]
[Site "Moscow]
[Date "2019.04.03"]
[Round "5.14"]
[White "Ageichenko, Genadi A"]
[Black "Trusov, Mikhail"]
[Result "1-0"]
[WhiteElo "2208"]
[BlackElo "2143"]
[PlyCount "73"]
[EventDate "2019.03.30"]

1. d4 Nf6 2. Nf3 e6 3. c4 Bb4+ 4. Bd2 Bxd2+ 5. Qxd2 d5 6. e3 O-O 7. Nc3 Nbd7 8.
Be2 a6 9. a4 c5 10. O-O cxd4 11. exd4 dxc4 12. Bxc4 Nb6 13. Bb3 Nbd5 14. Ne5 b6
15. a5 Bb7 16. axb6 Nxb6 17. Rfd1 Qd6 18. Bc2 Nbd5 19. Nc4 Qc7 20. Na5 Ng4 21.
g3 Nb4 22. Be4 Bxe4 23. Nxe4 Rab8 24. Rdc1 Qd7 25. Rc4 f5 26. Nc5 Qb5 27. Nxe6
Qd5 28. Nxf8 Ne5 29. Rc3 Rxf8 30. Re3 Nec6 31. Nxc6 Nxc6 32. Rd1 f4 33. Rc3 f3
34. Qd3 Na5 35. Rc5 Qd8 36. Qxa6 Qd7 37. Rxa5 1-0

[Event "Championship Moscow 2019"]
[Site "Moscow]
[Date "2019.04.03"]
[Round "5.15"]
[White "Galaktionov, Artem"]
[Black "Spichkin, Alexander"]
[Result "1-0"]
[WhiteElo "2332"]
[BlackElo "2106"]
[PlyCount "105"]
[EventDate "2019.03.30"]

1. d4 e6 2. c4 f5 3. Nf3 Nf6 4. g3 Be7 5. Bg2 O-O 6. O-O d6 7. b3 a5 8. Bb2 Ne4
9. Nbd2 a4 10. Nxe4 fxe4 11. Ne1 d5 12. f3 e3 13. Nc2 axb3 14. axb3 Rxa1 15.
Qxa1 c5 16. dxc5 Rf7 17. b4 b6 18. Qa8 Qc7 19. cxb6 Qxb6 20. Be5 Bb7 21. Qxb8+
Rf8 22. Qc7 Qxc7 23. Bxc7 Rc8 24. Be5 Rxc4 25. Nxe3 Rxb4 26. Rc1 Ba6 27. Rc7
Bf8 28. Bh3 Rb6 29. Bd4 Rd6 30. Bc5 Rd8 31. Bxe6+ Kh8 32. Bxf8 Rxf8 33. Bxd5
Bxe2 34. Kf2 Bd3 35. Be6 Re8 36. Rc8 Rxc8 37. Bxc8 g6 38. Nd5 Kg7 39. Ke3 Bb5
40. Ke4 Kf7 41. Ke5 Be2 42. f4 Bb5 43. Be6+ Kg7 44. Kd6 Be2 45. Ke7 h5 46. h4
Bf3 47. Nc7 Be4 48. Ne8+ Kh8 49. Kf6 Bd3 50. Nd6 Kh7 51. Nf7 Bc2 52. Ne5 Be4
53. Bf7 1-0

[Event "Championship Moscow 2019"]
[Site "Moscow]
[Date "2019.04.03"]
[Round "5.16"]
[White "Prokopchuk, Yury"]
[Black "Khudyakov, Stanislav"]
[Result "1-0"]
[WhiteElo "2237"]
[BlackElo "2106"]
[PlyCount "83"]
[EventDate "2019.03.30"]

1. d4 Nf6 2. Bf4 d5 3. e3 c5 4. c3 Nc6 5. Bd3 e6 6. Nf3 Bd6 7. Bg3 O-O 8. Nbd2
Re8 9. Ne5 Ne7 10. Ndf3 Nf5 11. Bf4 c4 12. Bc2 Bc7 13. Ng5 Nd6 14. Qf3 h6 15.
h4 b5 16. g4 Bb7 17. Ngxf7 Nxf7 18. Nxf7 Kxf7 19. Bxc7 Qxc7 20. g5 Rf8 21. gxf6
Ke8 22. Qh5+ Kd8 23. fxg7 Qxg7 24. Ke2 Qg2 25. Raf1 Kc7 26. Rhg1 Qh2 27. Qxh6
Bc6 28. Qg7+ Kb6 29. Qe7 Rg8 30. Rg6 Rae8 31. Qg5 Rh8 32. Rh6 Reg8 33. Bg6 Rxh6
34. Qxh6 Qg2 35. h5 Qg4+ 36. Ke1 b4 37. Qh7 Rb8 38. cxb4 Rb7 39. Qh8 a6 40. Qf8
Rc7 41. Qf4 Qg2 42. Qg3 1-0

[Event "Championship Moscow 2019"]
[Site "Moscow]
[Date "2019.04.03"]
[Round "5.17"]
[White "Zhukov, Anton"]
[Black "Zenin, Dmitry"]
[Result "1/2-1/2"]
[WhiteElo "2076"]
[BlackElo "2236"]
[PlyCount "115"]
[EventDate "2019.03.30"]

1. d4 Nf6 2. c4 g6 3. Nc3 Bg7 4. e4 d6 5. Be2 O-O 6. Be3 c5 7. d5 e6 8. Nf3
exd5 9. cxd5 b5 10. e5 Ng4 11. Bg5 Qb6 12. Be7 Nxe5 13. Bxf8 Nxf3+ 14. Bxf3
Kxf8 15. Qd2 Nd7 16. O-O Ne5 17. Be2 c4 18. a4 b4 19. Ne4 a5 20. Rac1 Bf5 21.
Ng3 Bd7 22. Bxc4 Bxa4 23. Be2 f5 24. Qf4 Be8 25. h4 Bf7 26. Rfd1 Qb7 27. Nf1
Kg8 28. Ne3 a4 29. Nc4 Qb8 30. Qd2 a3 31. bxa3 bxa3 32. Qa2 Nxc4 33. Bxc4 Qd8
34. g3 f4 35. Rd3 fxg3 36. fxg3 Bb2 37. Rf1 g5 38. Rdf3 Bg6 39. hxg5 Qa5 40.
Bd3 Bh5 41. Kg2 Bxf3+ 42. Rxf3 Qd2+ 43. Kh3 Qd1 44. Kg2 Rc8 45. Bb5 Rc1 46. Rf1
Qc2+ 47. Kh3 Rxf1 48. Bxf1 Qf5+ 49. Kg2 Bd4 50. Bc4 Qe4+ 51. Kh2 Bc5 52. Qb3 h5
53. Bd3 Qd4 54. Qb8+ Kg7 55. Qc7+ Kf8 56. Qd8+ Kf7 57. Qd7+ Kf8 58. Qd8+
1/2-1/2

[Event "Championship Moscow 2019"]
[Site "Moscow]
[Date "2019.04.03"]
[Round "5.18"]
[White "Anfinogenov, Artem"]
[Black "Yarygin, Maksim"]
[Result "1/2-1/2"]
[WhiteElo "2065"]
[BlackElo "2204"]
[PlyCount "84"]
[EventDate "2019.03.30"]

1. d4 Nf6 2. c4 g6 3. f3 d5 4. cxd5 Nxd5 5. e4 Nb6 6. Nc3 Bg7 7. Be3 O-O 8. Qd2
Be6 9. b3 a5 10. Rd1 a4 11. d5 axb3 12. axb3 Bd7 13. Bd4 c6 14. h4 h6 15. h5 g5
16. Nh3 Bxh3 17. Rxh3 cxd5 18. Bxg7 Kxg7 19. f4 f6 20. exd5 N8d7 21. Ne4 g4 22.
Re3 f5 23. Qd4+ Kg8 24. Ng3 Nc8 25. Re6 Nd6 26. Rg6+ Kf7 27. Rxh6 Nf6 28. Bd3
Qc7 29. Bxf5 Ra2 30. Qe5 Qc5 31. Bg6+ Kg8 32. Qe6+ Nf7 33. Ne2 g3 34. Nd4 Qc3+
35. Kf1 Rd2 36. Bxf7+ Rxf7 37. Rxd2 Qxd2 38. Qc8+ Rf8 39. Qe6+ Rf7 40. Qc8+ Rf8
41. Qe6+ Rf7 42. Qc8+ Rf8 1/2-1/2

[Event "Championship Moscow 2019"]
[Site "Moscow]
[Date "2019.04.03"]
[Round "5.19"]
[White "Volodin, Viktor"]
[Black "Pavlov, Mark"]
[Result "0-1"]
[WhiteElo "2191"]
[BlackElo "2006"]
[PlyCount "130"]
[EventDate "2019.03.30"]

1. Nf3 d6 2. d4 g6 3. g3 Bg7 4. Bg2 Nd7 5. O-O e5 6. e4 exd4 7. Nxd4 Ne7 8. c4
O-O 9. Nc3 Nc6 10. Nde2 Nc5 11. Rb1 a5 12. b3 f5 13. Bb2 Ne5 14. Nf4 fxe4 15.
Nxe4 Nxe4 16. Bxe4 Rb8 17. Qd5+ Kh8 18. Ne6 Bxe6 19. Qxe6 Qe8 20. Qxe8 Rfxe8
21. Rfe1 b6 22. Kg2 Re7 23. f4 Ng4 24. Bc6 Rxe1 25. Bxg7+ Kxg7 26. Rxe1 Kf7 27.
h3 Nf6 28. g4 Rd8 29. g5 Nh5 30. Kf3 Ng7 31. h4 Nf5 32. Kg4 Ng7 33. a3 Rb8 34.
b4 Kf8 35. Rb1 axb4 36. axb4 Nf5 37. Re1 Nd4 38. Bd5 c6 39. Re4 c5 40. b5 Rc8
41. Re1 Nf5 42. Re6 Rc7 43. Rf6+ Kg7 44. Rxf5 gxf5+ 45. Kxf5 Re7 46. Kg4 h6 47.
f5 hxg5 48. hxg5 Re5 49. f6+ Kg6 50. f7 Rxg5+ 51. Kh4 Rh5+ 52. Kg4 Rh8 53. Kf4
Kf6 54. Kf3 Ke7 55. Kg4 Rh2 56. Kg5 Rd2 57. Be6 Re2 58. f8=Q+ Kxf8 59. Kf5 Rf2+
60. Kg6 Ke7 61. Bd5 Rd2 62. Bf3 Rd4 63. Be2 d5 64. cxd5 Rxd5 65. Bc4 Re5 0-1

[Event "Championship Moscow 2019"]
[Site "Moscow]
[Date "2019.04.03"]
[Round "5.20"]
[White "Khmelev, Mikhail"]
[Black "Kurdakov, Yuri"]
[Result "0-1"]
[WhiteElo "1995"]
[BlackElo "2144"]
[PlyCount "124"]
[EventDate "2019.03.30"]

1. e4 e6 2. d4 d5 3. Nc3 Bb4 4. a3 Be7 5. Bd3 c6 6. Nge2 b6 7. O-O Ba6 8. exd5
Bxd3 9. Qxd3 cxd5 10. Bf4 a6 11. Qg3 Nd7 12. Qxg7 Bf6 13. Qg3 Ne7 14. Qd3 h5
15. Rfe1 Qc8 16. Rad1 h4 17. Qf3 Qc6 18. Nc1 O-O-O 19. Nd3 Rdg8 20. Ne5 Bxe5
21. Bxe5 Nxe5 22. dxe5 Rg7 23. g3 hxg3 24. fxg3 Rgh7 25. Rd2 Qc5+ 26. Qf2 Qc6
27. Qf3 Kb7 28. b4 Nf5 29. Rf1 Rg7 30. Ne2 Qc7 31. Rxd5 exd5 32. Qxd5+ Ka7 33.
Rxf5 Rd8 34. Qe4 Rd1+ 35. Kg2 Qd7 36. Rf3 Rg4 37. Qf5 Rc4 38. Qxf7 Re4 39.
Qxd7+ Rxd7 40. Kf2 Rxe5 41. Re3 Rf7+ 42. Nf4 Rxe3 43. Kxe3 Rc7 44. Kd3 Rd7+ 45.
Ke2 Rc7 46. Kd2 Rd7+ 47. Kc1 Rc7 48. h4 Rc3 49. Ne2 Rxa3 50. h5 Re3 51. Kd2 Re5
52. Nf4 Rg5 53. h6 Rg8 54. Ke3 Rh8 55. g4 Rxh6 56. g5 Rh1 57. Ne2 Rh4 58. Nf4
Rg4 59. g6 a5 60. bxa5 bxa5 61. Ke4 a4 62. g7 a3 0-1

[Event "Championship Moscow 2019"]
[Site "Moscow]
[Date "2019.04.03"]
[Round "5.21"]
[White "Bogaudinov, Rushan"]
[Black "Tarasov, Danila"]
[Result "0-1"]
[WhiteElo "2123"]
[BlackElo "1934"]
[PlyCount "70"]
[EventDate "2019.03.30"]

1. d4 d5 2. Nf3 Nf6 3. Bf4 e6 4. e3 Nbd7 5. c4 c5 6. Nc3 cxd4 7. exd4 dxc4 8.
Bxc4 Nb6 9. Bb3 Be7 10. O-O O-O 11. Rc1 Nbd5 12. Bg3 b6 13. Ne5 Bb7 14. Qe2 Rc8
15. Nb5 Rxc1 16. Rxc1 Qa8 17. Nc7 Qd8 18. Nxf7 Rxf7 19. Nxe6 Qe8 20. Ng5 Rf8
21. h4 Kh8 22. Ne6 Bb4 23. a3 Bc8 24. Nxf8 Qxe2 25. Rxc8 h5 26. Nd7+ Kh7 27.
Bc2+ g6 28. Be5 Qe1+ 29. Kh2 Ng4+ 30. Kh3 Nxf2+ 31. Kh2 Ng4+ 32. Kh3 Qh1+ 33.
Kg3 Be1+ 34. Kf3 Qf1+ 35. Ke4 Qf5+ 0-1

[Event "Championship Moscow 2019"]
[Site "Moscow]
[Date "2019.04.03"]
[Round "5.22"]
[White "Anisimov, Yuri"]
[Black "Makarenko, Aleksandr"]
[Result "0-1"]
[WhiteElo "1919"]
[BlackElo "2215"]
[PlyCount "80"]
[EventDate "2019.03.30"]

1. d4 Nf6 2. c4 g6 3. Nc3 Bg7 4. e4 d6 5. Be2 O-O 6. Be3 Nc6 7. h3 e5 8. Nf3
exd4 9. Nxd4 Re8 10. Nxc6 bxc6 11. Bf3 Nd7 12. O-O Ne5 13. Be2 c5 14. Qc2 Nc6
15. Rad1 Nd4 16. Bxd4 cxd4 17. Nd5 c6 18. Nb4 Qb6 19. Nd3 c5 20. Nf4 Bb7 21.
Nd5 Bxd5 22. exd5 Rab8 23. b3 a5 24. Rd3 Qb4 25. Rfd1 Bh6 26. Kf1 a4 27. Rb1
axb3 28. Rdxb3 Qa4 29. Rxb8 Qxc2 30. Rxe8+ Kg7 31. Rd1 Bd2 32. Rb8 d3 33. Bf3
Qxa2 34. Rb7 Qc2 35. Ra7 Bc3 36. Ra3 Bd4 37. Kg1 Qxf2+ 38. Kh1 d2 39. Rd3 Qe1+
40. Kh2 Be5+ 0-1

[Event "Championship Moscow 2019"]
[Site "Moscow]
[Date "2019.04.03"]
[Round "5.23"]
[White "Usov, Aleksandr E"]
[Black "Teiitbaev, Aktilek"]
[Result "1-0"]
[WhiteElo "1627"]
[BlackElo "2193"]
[PlyCount "107"]
[EventDate "2019.03.30"]

1. e4 c5 2. c3 d6 3. d4 Nf6 4. dxc5 Nc6 5. Bc4 dxc5 6. Qxd8+ Nxd8 7. e5 Nd7 8.
f4 e6 9. a4 Nb6 10. Be2 Bd7 11. Na3 a6 12. a5 Nd5 13. Nc4 Bb5 14. Nh3 f5 15.
exf6 gxf6 16. Bh5+ Kd7 17. Ne3 Bc6 18. Kf2 Bd6 19. Rd1 Ke7 20. Nxd5+ Bxd5 21.
g3 Bb3 22. Re1 Nc6 23. Kg1 Rhd8 24. Nf2 f5 25. Be3 Bd5 26. Nd3 c4 27. Nf2 Bc7
28. Bc5+ Kf6 29. Nh3 h6 30. Bf2 Bxa5 31. g4 fxg4 32. Bh4+ Kf5 33. Nf2 Bb6 34.
Bxd8 Rxd8 35. Bxg4+ Kxf4 36. Bxe6 Bxe6 37. Rxe6 Rd2 38. Rf6+ Kg5 39. Kf1 Rxb2
40. Ne4+ Kh5 41. Nf2 Kg5 42. Ne4+ Kh5 43. Nf2 Kg5 44. Rf8 Bc7 45. Kg2 Kg6 46.
Rg1 Kg7 47. Rf3 Ne5 48. Kh3+ Kh7 49. Rf5 a5 50. Ne4 Rb6 51. Nf6+ Rxf6 52. Rxf6
a4 53. Re6 Nc6 54. Rb1 1-0

[Event "Championship Moscow 2019"]
[Site "Moscow]
[Date "2019.04.03"]
[Round "5.24"]
[White "Fedorov, Nikita"]
[Black "Pak, Nikita"]
[Result "1-0"]
[WhiteElo "2030"]
[BlackElo "1916"]
[PlyCount "62"]
[EventDate "2019.03.30"]

1. e4 c5 2. Nf3 e6 3. d4 cxd4 4. Nxd4 a6 5. c4 Nf6 6. Nc3 Qc7 7. Be3 b6 8. Rc1
Bb7 9. Bd3 d6 10. O-O Nbd7 11. f3 Be7 12. b4 O-O 13. Be2 Rac8 14. Nb3 Qb8 15.
Na4 Bd8 16. Qe1 Bc7 17. g3 Rfe8 18. Qf2 d5 19. Nxb6 Nxb6 20. Bxb6 Bxb6 21. Qxb6
dxe4 22. fxe4 Nxe4 23. Qe3 Red8 24. Rfd1 Qe5 25. Nc5 Bc6 26. Nxe4 Bxe4 27. Bf3
f5 28. Bxe4 fxe4 29. c5 Rd5 30. Qf4 Qh5 31. Rf1 Rd2 1-0

[Event "Championship Moscow 2019"]
[Site "Moscow]
[Date "2019.04.03"]
[Round "5.25"]
[White "Sekoyan, Vachagan"]
[Black "Zhuk, Kirill"]
[Result "1-0"]
[WhiteElo "1994"]
[BlackElo "1894"]
[PlyCount "133"]
[EventDate "2019.03.30"]

1. d4 d5 2. c4 e6 3. Nc3 Be7 4. cxd5 exd5 5. Bf4 c6 6. Qc2 Bg4 7. e3 Nf6 8. h3
Bh5 9. Bd3 Bg6 10. Bxg6 hxg6 11. Nf3 Nbd7 12. Rb1 a6 13. O-O O-O 14. b4 Nb6 15.
a4 Nc4 16. Qd3 b5 17. a5 Bd6 18. Bxd6 Qxd6 19. Nd2 Qe6 20. Nb3 Qf5 21. Qxf5
gxf5 22. Rfe1 Ne4 23. Nxe4 fxe4 24. f4 f5 25. Nc5 Ra7 26. Kf2 Kf7 27. Ke2 Ke7
28. Rg1 Rh8 29. Rh1 Rh4 30. g3 Rh8 31. g4 g6 32. gxf5 gxf5 33. Rbg1 Kf6 34. Rg5
Rh6 35. Rhg1 Rah7 36. h4 Rxh4 37. Rg6+ Kf7 38. Rxc6 Rh2+ 39. Ke1 Rh1 40. Rxh1
Rxh1+ 41. Kf2 Rh3 42. Nxa6 Rf3+ 43. Kg1 Nxe3 44. Nc7 Rf1+ 45. Kh2 Rf2+ 46. Kg3
Rf3+ 47. Kh2 Rf2+ 48. Kg3 Rf3+ 49. Kh4 Rxf4+ 50. Kh5 Rf1 51. a6 Ra1 52. Nxb5 f4
53. a7 f3 54. Kg5 Ke7 55. Rc7+ Kd8 56. Rf7 Nc4 57. Rf8+ Ke7 58. a8=Q Rxa8 59.
Rxa8 f2 60. Ra7+ Kf8 61. Ra8+ Ke7 62. Ra7+ Kf8 63. Ra8+ Ke7 64. Ra1 Nd2 65. Nc3
Nf3+ 66. Kf4 Ne1 67. Nxd5+ 1-0

[Event "Championship Moscow 2019"]
[Site "Moscow]
[Date "2019.04.03"]
[Round "5.26"]
[White "Kireev, Igor"]
[Black "Zaitsev, Vitaly"]
[Result "0-1"]
[WhiteElo "1673"]
[BlackElo "1968"]
[PlyCount "112"]
[EventDate "2019.03.30"]

1. e4 d5 2. exd5 Qxd5 3. Nc3 Qa5 4. Bc4 Nf6 5. h3 c6 6. Nf3 Bf5 7. d3 e6 8. O-O
Nbd7 9. Bf4 Be7 10. Qd2 O-O 11. Rfe1 Bb4 12. Nd4 Bxc3 13. bxc3 Bg6 14. Nb3 Qa4
15. Bd6 b5 16. Bxe6 fxe6 17. Bxf8 Rxf8 18. Rxe6 c5 19. Rae1 Bf7 20. Re7 Qxa2
21. Ra1 Qb2 22. Qd1 Qxc3 23. Rxa7 Bxb3 24. cxb3 Qd4 25. Qa1 Qxa1+ 26. Rxa1 Rd8
27. Ra5 b4 28. Ra7 Kf8 29. Re6 Kf7 30. Rc6 Kg6 31. Rcc7 h5 32. Kf1 Kf5 33. Ke2
Ke5 34. Rc6 Kd5 35. Rca6 Re8+ 36. Kd2 Re5 37. Ra5 h4 38. Rb7 Kc6 39. Rbb5 Nd5
40. d4 cxd4 41. f4 Rf5 42. Rxb4 Rxf4 43. Rc4+ Kd6 44. Ke2 N7b6 45. Rc1 Nb4 46.
Rg5 d3+ 47. Kd2 Rf2+ 48. Ke3 Rc2 49. Rd1 N6d5+ 50. Kd4 Rf2 51. Rg4 d2 52. Rxh4
Rxg2 53. Rg4 Nc6+ 54. Kd3 Ne5+ 55. Ke4 Nxg4 56. hxg4 Nc3+ 0-1

[Event "Championship Moscow 2019"]
[Site "Moscow]
[Date "2019.04.03"]
[Round "5.27"]
[White "Bezhenar, Georgy"]
[Black "Israfilov, Ali"]
[Result "1-0"]
[WhiteElo "1953"]
[BlackElo "1792"]
[PlyCount "99"]
[EventDate "2019.03.30"]

1. d4 Nf6 2. c4 g6 3. g3 Bg7 4. Bg2 O-O 5. Nc3 d6 6. e4 Nc6 7. Nge2 e5 8. d5
Nd4 9. O-O c5 10. dxc6 bxc6 11. Nxd4 exd4 12. Qxd4 Ng4 13. Qd2 Ne5 14. b3 Qf6
15. Bb2 Nf3+ 16. Bxf3 Qxf3 17. Qd1 Bg4 18. Qxf3 Bxf3 19. Rfe1 Rfe8 20. Re3 Bg4
21. Kg2 Rad8 22. h3 Bc8 23. Rd1 Bb7 24. Red3 Re6 25. f3 f5 26. exf5 gxf5 27.
R1d2 Ba6 28. Ne2 Bxb2 29. Rxb2 Rb8 30. Nd4 Rf6 31. Nxc6 Rb6 32. Ne7+ Kf7 33.
Re2 Bb7 34. Nd5 Bxd5 35. Rxd5 Rc6 36. Rd3 Rc7 37. f4 Rd7 38. Red2 Re7 39. Kf3
Ree6 40. Rd5 h5 41. Ra5 Re7 42. Rdd5 Kg6 43. Ra6 Rd7 44. c5 Rc7 45. Raxd6 Rxd6
46. Rxd6+ Kg7 47. c6 Rc8 48. b4 Rb8 49. c7 Rc8 50. Rc6 1-0

[Event "Championship Moscow 2019"]
[Site "Moscow]
[Date "2019.04.03"]
[Round "5.28"]
[White "Muraseev, Vasilii"]
[Black "Brygov, Igor"]
[Result "1/2-1/2"]
[WhiteElo "1444"]
[BlackElo "2052"]
[PlyCount "59"]
[EventDate "2019.03.30"]

1. d4 Nf6 2. Bg5 Ne4 3. Bf4 c5 4. dxc5 Nxc5 5. Nc3 Ne6 6. Bg3 d6 7. e3 g6 8.
Bb5+ Nc6 9. Nge2 Bg7 10. O-O O-O 11. Bxc6 bxc6 12. Qd2 Rb8 13. Rab1 Ba6 14.
Rfe1 Bxe2 15. Rxe2 Qa5 16. Ree1 Bxc3 17. Qxc3 Qxc3 18. bxc3 Nc5 19. Rb4 a5 20.
Rbb1 a4 21. f3 a3 22. Rb4 Rxb4 23. cxb4 Na4 24. Ra1 Rb8 25. Be1 c5 26. Rb1 Nb2
27. Bc3 Na4 28. Be1 Nb2 29. Bc3 Na4 30. Be1 1/2-1/2

[Event "Championship Moscow 2019"]
[Site "Moscow]
[Date "2019.04.03"]
[Round "5.29"]
[White "Paldyaev, Vladislav"]
[Black "Trofimovsky, Alexander"]
[Result "0-1"]
[WhiteElo "1756"]
[BlackElo "2031"]
[PlyCount "94"]
[EventDate "2019.03.30"]

1. d4 c5 2. d5 e5 3. e4 d6 4. Nf3 Nf6 5. Nc3 Be7 6. Be2 a6 7. O-O b5 8. Nd2 O-O
9. a3 Nbd7 10. b3 g6 11. h4 Ne8 12. g3 f5 13. Kg2 Nef6 14. Nf3 b4 15. axb4 cxb4
16. Na2 Rb8 17. exf5 gxf5 18. Bh6 Re8 19. Ng5 Bf8 20. Ne6 Qe7 21. Bg5 h6 22.
Nxf8 Qxf8 23. Bd2 a5 24. c4 Qg7 25. Nc1 Ne4 26. Rxa5 Ndc5 27. Be1 Nc3 28. Qc2
f4 29. Bh5 e4 30. Rg1 Re5 31. Bxc3 bxc3 32. Qxc3 Rxh5 33. Qxg7+ Kxg7 34. Ra7+
Kf6 35. Rc7 Bg4 36. gxf4 Rg8 37. f3 Bxf3+ 38. Kf2 Rxg1 39. Kxg1 e3 40. Kh2 Ne4
41. Kh3 e2 42. Nxe2 Bxe2 43. b4 Rf5 44. b5 Rxf4 45. b6 Bf1+ 46. Kh2 Rg4 47. h5
Nf2 0-1

[Event "Championship Moscow 2019"]
[Site "Moscow]
[Date "2019.04.03"]
[Round "5.30"]
[White "Akhmedov, David"]
[Black "Razumovskiy, Mikhail"]
[Result "1-0"]
[WhiteElo "1657"]
[BlackElo "2024"]
[PlyCount "71"]
[EventDate "2019.03.30"]

1. e4 c5 2. Nf3 e6 3. d3 d5 4. Nbd2 Nc6 5. g3 Bd6 6. Bg2 Nge7 7. O-O O-O 8. Nh4
f5 9. f4 b5 10. Nhf3 Qb6 11. Kh1 a5 12. Re1 Bb7 13. Ng5 Nd8 14. exf5 exf5 15.
Qh5 h6 16. Ne6 Nxe6 17. Rxe6 Rae8 18. Nf3 Qd8 19. Ne5 Bc8 20. Rxh6 gxh6 21.
Bxd5+ Kg7 22. Nf7 Nxd5 23. Nxd8 Re1+ 24. Kg2 Rxd8 25. b4 Nf6 26. Bb2 Re6 27.
bxa5 Rde8 28. a6 Re2+ 29. Kf1 R2e6 30. a7 Bd7 31. Qxf5 Bc6 32. g4 Kf7 33. g5
hxg5 34. fxg5 Bd7 35. Bxf6 Re1+ 36. Rxe1 1-0

[Event "Championship Moscow 2019"]
[Site "Moscow]
[Date "2019.04.03"]
[Round "5.31"]
[White "Alekseev, Mikhail"]
[Black "Grigoryev, Vladislav"]
[Result "1-0"]
[WhiteElo "1879"]
[BlackElo "1741"]
[PlyCount "105"]
[EventDate "2019.03.30"]

1. Nf3 c5 2. g3 Nc6 3. d4 cxd4 4. Nxd4 Qb6 5. Nb3 Nf6 6. Bg2 g6 7. Nc3 d6 8.
Bg5 Ng4 9. O-O Bg7 10. h3 Nge5 11. Be3 Qd8 12. Nd4 Bd7 13. b3 O-O 14. f4 Nxd4
15. Bxd4 Nc6 16. Bxg7 Kxg7 17. Qd3 Qb6+ 18. Kh2 Nb4 19. Nd5 Nxd5 20. Bxd5 Bc6
21. c4 Bxd5 22. Qxd5 Rac8 23. e4 Rc5 24. Qd4+ Kg8 25. Rad1 f6 26. f5 g5 27. h4
h6 28. hxg5 hxg5 29. Kg2 Qc6 30. Rde1 Kf7 31. Qd1 Ke8 32. a4 Kd8 33. Qd3 Kc7
34. Qf3 Rh8 35. Rh1 Rxh1 36. Kxh1 Re5 37. Kg2 a6 38. g4 b5 39. axb5 axb5 40.
Qd3 bxc4 41. bxc4 Ra5 42. Re2 Qc5 43. Rb2 Ra3 44. Qd5 Qc6 45. Qe6 Qe8 46. c5
Ra6 47. Rc2 Kb8 48. cxd6 Rxd6 49. Qb3+ Ka7 50. Rc7+ Ka6 51. Qc4+ Ka5 52. Ra7+
Kb6 53. Qc7+ 1-0

[Event "Championship Moscow 2019"]
[Site "Moscow]
[Date "2019.04.03"]
[Round "5.32"]
[White "Volkov, Andreiy"]
[Black "Zurabian, Vage"]
[Result "1-0"]
[WhiteElo "1628"]
[BlackElo "1842"]
[PlyCount "79"]
[EventDate "2019.03.30"]

1. e4 d6 2. Nf3 Nf6 3. Nc3 e5 4. d4 Nbd7 5. Bc4 Be7 6. O-O O-O 7. Re1 c6 8. Bg5
Qc7 9. Bb3 h6 10. Bh4 Re8 11. Qe2 Bf8 12. Qc4 Nb6 13. Qd3 Nh5 14. Bg3 Nxg3 15.
hxg3 Bg4 16. d5 Rac8 17. Rac1 Qd7 18. Nh2 Bh5 19. f3 c5 20. Bc4 a6 21. Nf1 Nxc4
22. Qxc4 b5 23. Qe2 Be7 24. Ne3 Bg5 25. Ra1 Bxe3+ 26. Qxe3 Rb8 27. g4 Bg6 28.
g5 hxg5 29. Qxg5 Qe7 30. Qg4 c4 31. Kf2 b4 32. Nd1 Qa7+ 33. Ne3 Qd4 34. b3 Qd2+
35. Re2 Qc3 36. Rh1 cxb3 37. axb3 Re7 38. Qh4 f6 39. Qh8+ Kf7 40. Qxb8 1-0

[Event "Championship Moscow 2019"]
[Site "Moscow]
[Date "2019.04.03"]
[Round "5.33"]
[White "Zverev, Lev"]
[Black "Gerasimov, Vadim"]
[Result "1-0"]
[WhiteElo "1703"]
[BlackElo "1688"]
[PlyCount "67"]
[EventDate "2019.03.30"]

1. e4 c5 2. Nf3 d6 3. d4 cxd4 4. Nxd4 Nf6 5. Nc3 g6 6. Be3 Bg7 7. f3 O-O 8. Qd2
Nc6 9. Bc4 Bd7 10. O-O-O Rc8 11. Bb3 Ne5 12. h4 h5 13. Kb1 Nc4 14. Bxc4 Rxc4
15. g4 hxg4 16. h5 Bh8 17. hxg6 fxg6 18. Qd3 Rxc3 19. Qxc3 Qc8 20. Qd3 e5 21.
Qb3+ d5 22. Ne2 Qc4 23. Qxc4 dxc4 24. f4 Bc6 25. fxe5 Nxe4 26. Rhg1 Bxe5 27.
Bd4 Bc7 28. Rxg4 g5 29. Be3 Kh7 30. Rdg1 Bb6 31. Bxb6 axb6 32. Kc1 Rd8 33. Nc3
Nf2 34. Rxg5 1-0

[Event "Championship Moscow 2019"]
[Site "Moscow]
[Date "2019.04.03"]
[Round "5.34"]
[White "Usov, Dmitry E"]
[Black "Kudryaev, Ivan"]
[Result "0-1"]
[WhiteElo "1032"]
[BlackElo "1667"]
[PlyCount "88"]
[EventDate "2019.03.30"]

1. e4 Nc6 2. d4 d5 3. exd5 Qxd5 4. Nf3 e6 5. Nc3 Bb4 6. Bd2 Bxc3 7. Bxc3 Nf6 8.
Bd3 Ne4 9. Bxe4 Qxe4+ 10. Qe2 Qxe2+ 11. Kxe2 O-O 12. Rad1 Re8 13. Rd2 Ne7 14.
Rhd1 b6 15. Ne5 Ba6+ 16. Nd3 Nd5 17. g3 f6 18. Kf3 Bb7 19. Ke2 Ba6 20. Kf3 Bb7
21. Ke2 a5 22. f4 Ba6 23. Kf3 Bb7 24. Ke2 Bc6 25. Kf2 Kh8 26. Re1 Re7 27. Rde2
Rae8 28. Bd2 Bb5 29. Kf3 g6 30. b3 Bxd3 31. cxd3 Kg7 32. g4 Kf7 33. Bc1 Nb4 34.
Rd1 Rd7 35. Bb2 Nxa2 36. Rdd2 Rd5 37. Rc2 Rc8 38. h4 Nb4 39. Rcd2 Nc6 40. Ke3
Rb5 41. Rc2 Ne7 42. Ba3 Nd5+ 43. Kf3 Rxb3 44. Bb2 a4 0-1

[Event "Championship Moscow 2019"]
[Site "Moscow]
[Date "2019.04.03"]
[Round "5.1"]
[White "Utiatskaja, Irina"]
[Black "Borisova, Ekaterina"]
[Result "0-1"]
[WhiteElo "2210"]
[BlackElo "2255"]
[PlyCount "118"]
[EventDate "2019.??.??"]
[WhiteClock "0:11:33"]
[BlackClock "0:02:50"]

1. e4 c5 2. Nf3 d6 3. d4 cxd4 4. Nxd4 Nf6 5. Nc3 a6 6. h3 e6 7. g4 d5 8. exd5
Nxd5 9. Nde2 Bb4 10. Bg2 Nc6 11. O-O Nxc3 12. Nxc3 Qc7 13. Ne2 O-O 14. c4 Rd8
15. Qc2 e5 16. Bg5 Re8 17. a3 Bc5 18. b4 Nd4 19. Qb2 Nxe2+ 20. Qxe2 Bd4 21.
Rac1 Bd7 22. Be3 Bc6 23. Bxd4 exd4 24. Qd3 h5 25. Bxc6 Qxc6 26. Rfe1 Qd6 27.
Kg2 Rad8 28. Rcd1 Re6 29. Re4 Qc6 30. f3 Rxe4 31. fxe4 hxg4 32. hxg4 Qe6 33.
Kh3 g6 34. Rf1 Kg7 35. Kg3 Qe5+ 36. Kg2 Re8 37. Rd1 Qxe4+ 38. Qxe4 Rxe4 39. Kf3
f5 40. gxf5 gxf5 41. a4 Kf6 42. c5 Ke5 43. b5 axb5 44. axb5 Re3+ 45. Kf2 Rb3
46. c6 Rxb5 47. Re1+ Kd6 48. cxb7 Rxb7 49. Re8 Re7 50. Rf8 Kd5 51. Rxf5+ Kc4
52. Ra5 d3 53. Ra8 Kc3 54. Rc8+ Kd2 55. Kf3 Kd1 56. Kf2 d2 57. Rc6 Rf7+ 58. Kg2
Rf5 59. Rc8 Ke2 0-1